|
|
|
|
| LEADER |
00000naa2a2200000 4500 |
| 001 |
241712 |
| 005 |
20251217134656.0 |
| 035 |
|
|
|a (RuTPU)RU\TPU\book\262999
|
| 035 |
|
|
|a RU\TPU\book\262989
|
| 090 |
|
|
|a 241712
|
| 100 |
|
|
|a 20130819d2013 k y0rusy50 ba
|
| 101 |
0 |
|
|a eng
|
| 102 |
|
|
|a RU
|
| 135 |
|
|
|a drcn ---uucaa
|
| 200 |
1 |
|
|a Modeling emergency shutdown of the main pump of WWER-1000 with the simulator "W1000ST-TPU-MAN-TR-1"
|f V. V. Revkov, A. A. Shmatok, D. S. Dobrov
|g sci. adv. Ju. B. Chertkov
|
| 215 |
|
|
|a 1 файл(550 Кб)
|
| 225 |
1 |
|
|a Nuclear technologies as integral part of engineering sciencein the modern world
|
| 300 |
|
|
|a Заглавие с экрана
|
| 320 |
|
|
|a [Библиогр.: с. 88 (6 назв.)]
|
| 330 |
|
|
|a The article is devoted to the acquaintance with the past research work in the field of the decision of various theoretical typical problems by means of a reactor training simulator WWER-1000.The various solutions of the problems of the reactor installation's operator are probably at deep understanding of a principle of operating, design features of reactor types, and also knowledge of the basic physical processes which are necessary at operation.During of work with a training simulator it was necessary to study the scheme of the first contour of a reactor WWER-1000, and also operation principles of includes equipment.The research work consists of the three parts. The first part includes interface development of the training simulator. The second part includes the development of interrelation of the basic knots of the first contour. The third part includes working off of various scenarios of the reactor operation.During the present research work the reactor training simulator WWER-1000 has been mastered, as well as skills of working reactor operator during operation time.In conclusion it is necessary to note the importance of the performed work for knowledge of the future engineering personnel of the atomic power station as by means of the given software the mastered knowledge is applied in practice.
|
| 337 |
|
|
|a Adobe Reader
|
| 463 |
|
1 |
|0 (RuTPU)RU\TPU\book\258133
|t Методология проектирования молодежного научно-инновационного пространства для российской энергетики
|l Strategy design of youth science and innovation environment for modern engineer training
|o сборник научных трудов Международной молодежной научной школы, г. Томск, 27 - 29 марта 2013 г.
|f Национальный исследовательский Томский политехнический университет (ТПУ)
|v [С. 85-88]
|d 2013
|
| 610 |
1 |
|
|a электронный ресурс
|
| 610 |
1 |
|
|a труды учёных ТПУ
|
| 700 |
|
1 |
|a Revkov
|b V. V.
|
| 701 |
|
1 |
|a Shmatok
|b A. A.
|
| 701 |
|
1 |
|a Dobrov
|b D. S.
|
| 702 |
|
1 |
|a Chertkov
|b Yu. B.
|c physicist
|c Associate Professor of Tomsk Polytechnic University, Candidate of physical and mathematical sciences
|f 1948-
|g Yuri Borisovich
|3 (RuTPU)RU\TPU\pers\31212
|4 695
|
| 712 |
0 |
2 |
|a Национальный исследовательский Томский политехнический университет (ТПУ)
|b Физико-технический институт (ФТИ)
|b Кафедра физико-энергетических установок (№ 21) (ФЭУ)
|3 (RuTPU)RU\TPU\col\18730
|
| 801 |
|
1 |
|a RU
|b 63413507
|c 20101016
|
| 801 |
|
2 |
|a RU
|b 63413507
|c 20220328
|g RCR
|
| 856 |
4 |
|
|u http://www.lib.tpu.ru/fulltext/c/2013/C07/021.pdf
|
| 942 |
|
|
|c CF
|